000 00688nab a2200181 4500
001 244442
003 OSt
005 20230609130231.0
007 tu
008 200917s2020|||||||
040 _aDE-2950
_cDE-2950
245 0 0 _aGemeindehaus bald barrierefrei.
_bReligion. Durch Zuwanderung aus der Sowjetunion konnte sich 1998 wieder eine jüdische Gemeinde in Frankfurt gründen. 25 Jahre danach ist sie ein etablierter Teil der Stadtgesellschaft und feierte nun Jubiläum /
_cLisa Mahlke
264 _c2023
653 _aFrankfurt (Oder)
653 _aJüdische Gemeinde
773 0 _g34. Jahrgang (2023) Nr. 131 vom 08.06.2023, S. 16: mit Foto
_tMärkische Oderzeitung
942 _2z
_cA
999 _c372535
_d372535